All Tupac Songs - Statistics

General Stats
  • This quiz has been taken 503 times
    484 since last reset
  • The average score is 46 of 237
Answer Stats
Album Song % Correct
All Eyez on Me All Eyez on Me
87%
All Eyez on Me California Love
79%
Single #2 Hit 'Em Up
75%
Me Against the World Dear Mama
68%
Greatest Hits Changes
66%
The Don Killuminati: The 7 Day Theory Hail Mary
62%
Me Against the World F**k the World
57%
Me Against the World Me Against the World
54%
Strictly 4 My N.*.*.*.*..Z... Keep Ya Head Up
53%
All Eyez on Me 2 of Amerikaz Most Wanted
51%
2Pacalypse Now Brenda's Got a Baby
51%
All Eyez on Me Ambitionz Az a Ridah
50%
Better Dayz Better Dayz
42%
All Eyez on Me Can't C Me
42%
R U Still Down? (Remember Me) Do for Love
42%
Loyal to the Game N.*.*.*.A.
42%
All Eyez on Me How Do U Want It
41%
All Eyez on Me Only God Can Judge Me
41%
Strictly 4 My N.*.*.*.*..Z... I Get Around
40%
Loyal to the Game Ghetto Gospel
38%
Until the End of Time Until the End of Time
38%
Until the End of Time Until the End of Time (Remix)
38%
All Eyez on Me I Ain't Mad at Cha
37%
R U Still Down? (Remember Me) R U Still Down? (Remember Me)
37%
Me Against the World So Many Tears
36%
Still I Rise Still I Rise
36%
All Eyez on Me Picture Me Rollin'
35%
All Eyez on Me All Bout U
34%
Loyal to the Game Loyal to the Game
33%
Pac's Life Pac's Life
33%
Pac's Life Pac's Life (Remix)
33%
The Don Killuminati: The 7 Day Theory To Live & Die in L.A.
33%
The Don Killuminati: The 7 Day Theory Me and My Girlfriend
32%
All Eyez on Me Life Goes On
31%
All Eyez on Me Shorty Wanna Be a Thug
31%
Strictly 4 My N.*.*.*.*..Z... Strictly 4 My N.*.*.*.*..Z...
31%
All Eyez on Me Ratha Be Ya N***a
30%
All Eyez on Me Skandalouz
29%
2Pacalypse Now Trapped
29%
Better Dayz Thugz Mansion
28%
Better Dayz Thugz Mansion (Acoustic Version)
28%
All Eyez on Me Heartz of Men
27%
Tupac: Resurrection Runnin' (Dying to Live)
27%
All Eyez on Me Holla at Me
26%
One Million Strong Runnin' from tha Police
26%
Me Against the World Temptations
26%
Greatest Hits Troublesome '96
26%
All Eyez on Me When We Ride
26%
All Eyez on Me Tradin' War Stories
25%
Until the End of Time Breathin'
24%
All Eyez on Me Heaven Ain't Hard 2 Find
24%
Strictly 4 My N.*.*.*.*..Z... Holler If Ya Hear Me
24%
Better Dayz | Me Against the World | Tupac: Resurrection Intro
24%
Until the End of Time Letter 2 My Unborn
24%
Until the End of Time Lil' Homies
24%
All Eyez on Me No More Pain
24%
All Eyez on Me Run tha Streetz
24%
All Eyez on Me Ain't Hard 2 Find
23%
The Don Killuminati: The 7 Day Theory Bomb First (My Second Reply)
23%
Me Against the World Death Around the Corner
23%
All Eyez on Me Got My Mind Made Up
23%
Me Against the World Old School
23%
Me Against the World Outlaw
23%
The Don Killuminati: The 7 Day Theory Blasphemy
22%
Me Against the World If I Die 2Nite
22%
Better Dayz Still Ballin'
22%
All Eyez on Me Thug Passion
22%
All Eyez on Me What'z Ya Phone #
22%
The Don Killuminati: The 7 Day Theory Against All Odds
21%
Until the End of Time Ballad of a Dead Soulja
21%
All Eyez on Me Check Out Time
21%
R U Still Down? (Remember Me) Hellrazor
21%
The Don Killuminati: The 7 Day Theory Toss It Up
21%
Greatest Hits Unconditional Love
21%
The Don Killuminati: The 7 Day Theory White Man'z World
21%
All Eyez on Me Wonda Why They Call U Bytch
21%
The Don Killuminati: The 7 Day Theory Krazy
20%
Until the End of Time F**k Friendz
19%
The Don Killuminati: The 7 Day Theory Hold Ya Head
19%
Me Against the World It Ain't Easy
19%
R U Still Down? (Remember Me) I Wonder If Heaven Got a Ghetto
19%
R U Still Down? (Remember Me) I Wonder If Heaven Got a Ghetto (Hip Hop Version)
19%
Me Against the World Lord Knows
19%
Still I Rise Baby Don't Cry (Keep Ya Head Up II)
18%
Me Against the World Can U Get Away
18%
Strictly 4 My N.*.*.*.*..Z... Papa'z Song
18%
2Pacalypse Now Young Black Male
18%
Me Against the World Heavy in the Game
17%
Loyal to the Game Hennessey
17%
2Pacalypse Now If My Homie Calls
17%
The Don Killuminati: The 7 Day Theory Just Like Daddy
17%
Still I Rise Killuminati
17%
Strictly 4 My N.*.*.*.*..Z... Last Wordz
17%
The Don Killuminati: The 7 Day Theory Life of an Outlaw
17%
Loyal to the Game Soldier Like Me
17%
Pac's Life Soon As I Get Home
17%
Makaveli & Dillinger: Don't Go 2 Sleep They Don't Give a F**k About Us
17%
2Pacalypse Now Violent
17%
Better Dayz When We Ride on Our Enemies
17%
Me Against the World Young N***az
17%
Strictly 4 My N.*.*.*.*..Z... 5 Deadly Venomz
16%
Greatest Hits God Bless the Dead
16%
2Pacalypse Now I Don't Give a F**k
16%
Better Dayz My Block
16%
Better Dayz Outro
16%
Strictly 4 My N.*.*.*.*..Z... Point the Finga
16%
Strictly 4 My N.*.*.*.*..Z... Representin' 93
16%
R U Still Down? (Remember Me) Thug Style
16%
Until the End of Time When Thugz Cry
16%
Makaveli & Dillinger: Don't Go 2 Sleep Don't Go 2 Sleep
15%
R U Still Down? (Remember Me) Only Fear of Death
15%
R U Still Down? (Remember Me) Open Fire
15%
2Pacalypse Now Part Time Mutha
15%
2Pacalypse Now Rebel of the Underground
15%
Strictly 4 My N.*.*.*.*..Z... Souljah's Revenge
15%
2Pacalypse Now Soulja's Story
15%
Strictly 4 My N.*.*.*.*..Z... The Streetz R Deathrow
15%
R U Still Down? (Remember Me) 16 on Death Row
14%
Loyal to the Game Black Cotton
14%
R U Still Down? (Remember Me) F**k All Y'all
14%
R U Still Down? (Remember Me) I'm Gettin' Money
14%
Still I Rise Letter to the President
14%
Better Dayz Never Call U B***h Again
14%
R U Still Down? (Remember Me) Redemption
14%
Strictly 4 My N.*.*.*.*..Z... Strugglin'
14%
2Pacalypse Now Words of Wisdom
14%
Until the End of Time All Out
13%
Still I Rise Black Jesuz
13%
2Pacalypse Now Crooked Ass N***a
13%
Better Dayz Fame
13%
Tupac: Resurrection Ghost
13%
Strictly 4 My N.*.*.*.*..Z... Guess Who's Back
13%
Until the End of Time Happy Home
13%
Until the End of Time LastOnesLeft
13%
Better Dayz Mama's Just a Little Girl
13%
Better Dayz Military Minds
13%
Until the End of Time M.O.B.
13%
R U Still Down? (Remember Me) Nothing to Lose
13%
Strictly 4 My N.*.*.*.*..Z... Peep Game
13%
Strictly 4 My N.*.*.*.*..Z... Something 2 Die 4
13%
Still I Rise Tattoo Tears
13%
2Pacalypse Now Tha' Lunatic
13%
Loyal to the Game The Uppercut
13%
Better Dayz This Life I Lead
13%
Loyal to the Game Thugs Get Lonely Too
13%
R U Still Down? (Remember Me) | Until the End of Time When I Get Free
13%
Still I Rise As the World Turns
12%
Better Dayz Catchin Feelins
12%
Loyal to the Game Crooked N***a Too
12%
R U Still Down? (Remember Me) Definition of a Thug N***a
12%
Pac's Life Dumpin'
12%
Until the End of Time F**kin' wit the Wrong N***a
12%
Better Dayz Ghetto Star
12%
Until the End of Time Good Life
12%
Still I Rise Hell 4 a Hustler
12%
R U Still Down? (Remember Me) Hold On, Be Strong
12%
Still I Rise Homeboyz
12%
Until the End of Time Let 'Em Have It
12%
Until the End of Time Let 'Em Have It (Remix)
12%
R U Still Down? (Remember Me) Lie to Kick It
12%
Until the End of Time My Closest Roaddogz
12%
Until the End of Time N***az Nature
12%
Tupac: Resurrection One Day at a Time (Em's Version)
12%
Loyal to the Game Out on Bail
12%
Strictly 4 My N.*.*.*.*..Z... Pac's Theme
12%
Pac's Life Sleep
12%
2Pacalypse Now Something Wicked
12%
Still I Rise Teardrops and Closed Caskets
12%
Loyal to the Game Thug 4 Life
12%
Until the End of Time Thug N U Thug N Me
12%
Still I Rise U Can Be Touched
12%
Pac's Life Untouchable
12%
Pac's Life Untouchable (Swizz Beatz Remix)
12%
Better Dayz Who Do U Believe In
12%
Until the End of Time Why U Turn on Me
12%
Until the End of Time Words 2 My First Born
12%
Until the End of Time World Wide Mob Figgaz
12%
R U Still Down? (Remember Me) Black Starry Night (Interlude)
11%
Better Dayz Changed Man
11%
Pac's Life Don't Sleep
11%
Loyal to the Game Don't You Trust Me?
11%
R U Still Down? (Remember Me) Enemies with Me
11%
Better Dayz Fair Xchange
11%
R U Still Down? (Remember Me) Fake Ass B***hes
11%
Still I Rise High Speed
11%
R U Still Down? (Remember Me) I'm Losin' It
11%
R U Still Down? (Remember Me) Let Them Thangs Go
11%
R U Still Down? (Remember Me) Nothin' but Love
11%
Beginnings: The Lost Tapes 1988-1991 Panther Power
11%
Pac's Life Playa Cardz Right (Female)
11%
Pac's Life Playa Cardz Right (Male)
11%
Loyal to the Game Po N***a Blues (Scott Storch Remix)
11%
Still I Rise Secretz of War
11%
Better Dayz Street Fame
11%
Still I Rise The Good Die Young
11%
Tupac: Resurrection The Realist Killaz
11%
Better Dayz There U Go
11%
Better Dayz U Can Call
11%
Gridlock'd - The Soundtrack Wanted Dead or Alive
11%
Better Dayz Whatcha Gonna Do
11%
R U Still Down? (Remember Me) When I Get Free II
11%
Loyal to the Game Who Do You Love?
11%
Pac's Life Dear Mama (Remix)
10%
Pac's Life Don't Stop
10%
Until the End of Time Everything They Owe
10%
Better Dayz Fair Xchange (Remix)
10%
Better Dayz F**k Em All
10%
Pac's Life International
10%
Better Dayz Never B Peace
10%
R U Still Down? (Remember Me) Ready 4 Whatever
10%
Until the End of Time U Don't Have 2 Worry
10%
R U Still Down? (Remember Me) Where Do We Go from Here (Interlude)
10%
Still I Rise Y'all Don't Know Us
10%
Better Dayz Late Night
9%
Beginnings: The Lost Tapes 1988-1991 Let Knowledge Drop
9%
Beginnings: The Lost Tapes 1988-1991 My Burnin' Heart
9%
Beginnings: The Lost Tapes 1988-1991 Never Be Beat
9%
Until the End of Time Runnin' on E
9%
Beginnings: The Lost Tapes 1988-1991 Static Mix, Pt. 1
9%
Beginnings: The Lost Tapes 1988-1991 Static Mix, Pt. 2
9%
Until the End of Time This Ain't Livin'
9%
Pac's Life What'z Next
9%
Beginnings: The Lost Tapes 1988-1991 A Day in the Life
8%
Makaveli & Dillinger: Don't Go 2 Sleep First 2 Bomb
8%
Makaveli & Dillinger: Don't Go 2 Sleep Let's Fight
8%
Beginnings: The Lost Tapes 1988-1991 Minnie the Moocher
8%
Pac's Life Scared Straight
8%
Beginnings: The Lost Tapes 1988-1991 The Case of the Misplaced Mic
8%
Makaveli & Dillinger: Don't Go 2 Sleep I'm Dumpin'
7%
Makaveli & Dillinger: Don't Go 2 Sleep Wake Up My People (The Intro)
7%
Until the End of Time Big Skye Interlude
6%
Makaveli & Dillinger: Don't Go 2 Sleep Only Move 4 Tha Money
6%
Beginnings: The Lost Tapes 1988-1991 The Case of the Misplaced Mic, Pt. 2
5%
Until the End of Time They N U Thug N Me (Remix)
4%
No matching quizzes found
Score Distribution
Percent of People with Each Score
Percentile by Number Answered
Your Score History
You have not taken this quiz since the last reset